01246nam a2200289 a 4500001000800000005001700008008004100025020001500066041000800081044000600089050002600095245011800121260008800239300005300327500004500380500016000425500003600585500002900621500004400650504003200694650005100726650006200777650003900839650003900878700002300917700001600940BRL_31120190320210700.0290713s1988----u--o#####c---#000-0#eng-# a0890131899 aeng au 4aF1219.3.M4b.B44 198810aBehind the Mask in Mexicocedited by Janet Brody Esser ; essays and field photographs by Marsha Bol ... [et al.]. aSanta Fe, N. M.bMuseum of International Folk Art, Museum of New Mexico Pressc1988 axv, 351 p.bil. (algunas a color), mapasc31 cm. aIncluye glosario e índice alfabético aPublished on the occasion of an exhibition sponsored by the Museum of International Folk Art, a unit of the Museum of New Mexico, June 1988-September, 1990 aEstado físico: lomo despegado aej.1 Au2271, ej.2 Au2290 aLa biblioteca cuenta con dos ejemplares aBibliografía : p. 332-34314aMáscaras indígenasvExposicioneszMéxico14aIndígenas de MéxicovExposicionesxRitos y ceremonias14aMáscarasvExposicioneszMéxico14aFestivalesvExposicioneszMéxico1 aBrody Esser, Janet1 aBol, Marsha